[Event "XXIII Festival A"]
[Site "Porto San Giorgio ITA"]
[Date "2011.08.27"]
[Round "8"]
[White "Boscolo, Federico"]
[Black "Ciampi, Vincenzo"]
[Result "1/2-1/2"]
[WhiteElo "2210"]
[BlackElo "2101"]
[PlyCount "43"]
[EventDate "2011.08.21"]

1. e4 c5 2. c3 g6 3. d4 cxd4 4. cxd4 d5 5. Nc3 dxe4 6. Bc4 Bg7 7. Qb3 Nf6 8.
Bxf7+ Kf8 9. Be6 Nc6 10. Bxc8 Nxd4 11. Qd1 Rxc8 12. Nge2 Nxe2 13. Qxd8+ Rxd8
14. Kxe2 Kf7 15. Be3 a6 16. Rac1 Rd6 17. b3 Rhd8 18. h3 Rc6 19. Na4 Rdc8 20.
Nb6 Rc2+ 21. Kd1 Rxc1+ 22. Bxc1 1/2-1/2

[Event "XXIII Festival A"]
[Site "Porto San Giorgio ITA"]
[Date "2011.08.27"]
[Round "8"]
[White "Boscolo, Marco"]
[Black "Sbraccia, Giovanni"]
[Result "1/2-1/2"]
[WhiteElo "2166"]
[BlackElo "2017"]
[PlyCount "36"]
[EventDate "2011.08.21"]

1. e4 c6 2. d4 d5 3. Nd2 dxe4 4. Nxe4 Bf5 5. Ng3 Bg6 6. h4 h6 7. Nf3 Nd7 8. h5
Bh7 9. Bd3 Bxd3 10. Qxd3 e6 11. Bf4 Qa5+ 12. Bd2 Bb4 13. c3 Be7 14. a4 Ngf6 15.
Qe2 O-O 16. Ne5 Rfe8 17. Bf4 Rad8 18. O-O c5 1/2-1/2

[Event "XXIII Festival A"]
[Site "Porto San Giorgio ITA"]
[Date "2011.08.27"]
[Round "8"]
[White "Briffault, Philippe"]
[Black "Giobbi, Costantino"]
[Result "1/2-1/2"]
[WhiteElo "1955"]
[BlackElo "1878"]
[PlyCount "97"]
[EventDate "2011.08.21"]

1. d4 d5 2. Nf3 Nf6 3. c4 e6 4. Nc3 Be7 5. e3 O-O 6. Bd3 Nbd7 7. O-O c5 8. Re1
b6 9. cxd5 exd5 10. dxc5 Nxc5 11. Bb1 Bg4 12. h3 Bh5 13. Nb5 Ne6 14. Nbd4 Nxd4
15. exd4 Bb4 16. Re5 Bg6 17. Bxg6 hxg6 18. Bg5 Qd7 19. Qb3 Be7 20. Bxf6 Bxf6
21. Qxd5 Qa4 22. Qb5 Qxb5 23. Rxb5 Rfd8 24. Rd1 Rd6 25. Rb3 Rad8 26. Rbd3 Rd5
27. h4 Rb5 28. b3 Rbd5 29. g4 Be7 30. Kg2 Rc8 31. R1d2 Bb4 32. Re2 Bd6 33. Rde3
f6 34. Re6 Kf7 35. R6e4 Rc3 36. R4e3 Rc1 37. Rd3 Bf4 38. Ne1 a5 39. a4 b5 40.
axb5 Rxb5 41. d5 Rb7 42. Nc2 Rd7 43. Re4 Bb8 44. Ne3 Ba7 45. d6 Bxe3 46. fxe3
Rc6 47. Red4 Ke6 48. Re4+ Kf7 49. Red4 1/2-1/2

[Event "XXIII Festival A"]
[Site "Porto San Giorgio ITA"]
[Date "2011.08.27"]
[Round "8"]
[White "Burani, Eugenio"]
[Black "Della Sala, Bruno"]
[Result "1/2-1/2"]
[WhiteElo "1943"]
[BlackElo "1818"]
[PlyCount "72"]
[EventDate "2011.08.21"]

1. e4 e5 2. Nf3 Nc6 3. Bc4 Nf6 4. d3 Bc5 5. c3 a6 6. Bb3 Ba7 7. O-O O-O 8. Bg5
h6 9. Bh4 d6 10. Nbd2 Bg4 11. h3 Be6 12. Bc2 Kh8 13. Re1 Rg8 14. Nf1 Qd7 15. d4
g5 16. Bg3 exd4 17. Nxd4 Rad8 18. Qf3 Kg7 19. Rad1 Nxd4 20. cxd4 g4 21. Qd3 Qb5
22. Qc3 Qc4 23. Qxc4 Bxc4 24. e5 dxe5 25. dxe5 Nh5 26. Rxd8 Rxd8 27. Bh4 Rd5
28. hxg4 Bxf1 29. Bb3 Rd2 30. Kxf1 Nf4 31. Re4 Nd3 32. Re2 Rxe2 33. Bf6+ Kf8
34. Kxe2 Nxf2 35. Kf3 Nd3 36. g3 Nc5 1/2-1/2

[Event "XXIII Festival A"]
[Site "Porto San Giorgio ITA"]
[Date "2011.08.27"]
[Round "8"]
[White "Calandri, Fausto"]
[Black "Tomasini, Giovanni"]
[Result "1-0"]
[WhiteElo "2118"]
[BlackElo "1982"]
[PlyCount "73"]
[EventDate "2011.08.21"]

1. e4 Nf6 2. e5 Nd5 3. d4 d6 4. Nf3 Bg4 5. Be2 e6 6. O-O Be7 7. c4 Nb6 8. Nc3
O-O 9. Be3 Nc6 10. exd6 cxd6 11. b3 d5 12. c5 Nc8 13. b4 a6 14. Qd2 Bf6 15. h3
Bf5 16. a3 Bg6 17. Rad1 N8e7 18. g4 h6 19. Na4 Nc8 20. Rfe1 Be4 21. Nc3 g5 22.
Nh2 N8e7 23. h4 Ng6 24. f3 Qc7 25. fxe4 Qg3+ 26. Kh1 Nxh4 27. Rg1 Qc7 28. exd5
exd5 29. Bf2 Rad8 30. Nf3 Ng6 31. Bg3 Nf4 32. Bd3 Kg7 33. Bxf4 gxf4 34. g5 Bxd4
35. gxh6+ Kh8 36. Nxd4 Nxd4 37. Rg7 1-0

[Event "XXIII Festival A"]
[Site "Porto San Giorgio ITA"]
[Date "2011.08.27"]
[Round "8"]
[White "Cantoro, Daniele"]
[Black "Barlocco, Carlo"]
[Result "1/2-1/2"]
[WhiteElo "1999"]
[BlackElo "2135"]
[PlyCount "124"]
[EventDate "2011.08.21"]

1. d4 d5 2. Bg5 h6 3. Bh4 c6 4. e3 Qb6 5. Qc1 e5 6. Nf3 e4 7. Nfd2 Ne7 8. f3
Nf5 9. Bf2 exf3 10. gxf3 Be7 11. c4 O-O 12. Nc3 Re8 13. cxd5 Bb4 14. a3 Bxc3
15. Qxc3 cxd5 16. Be2 Nc6 17. Nb3 Bd7 18. Nc5 Rad8 19. Qd3 Bc8 20. O-O Qc7 21.
b4 Qe7 22. f4 Nxe3 23. Bxe3 Qxe3+ 24. Qxe3 Rxe3 25. Kf2 Rde8 26. Bb5 R8e7 27.
Rfd1 Bg4 28. Rd2 a6 29. Bxc6 bxc6 30. Nxa6 Rf3+ 31. Kg2 Ra7 32. Nb8 Raxa3 33.
Rxa3 Rxa3 34. Nxc6 Rb3 35. Kg1 Kh7 36. Ne7 Bf3 37. Nc6 f6 38. Rc2 Kg6 39. Rc5
Kf5 40. b5 Kxf4 41. Ne7 Be2 42. Rxd5 Rxb5 43. Rd7 Kf3 44. h4 Rb1+ 45. Kh2 Rb2
46. Kg1 Bd3 47. Nd5 g5 48. Re7 Bc4 49. Re3+ Kg4 50. Nxf6+ Kxh4 51. d5 Bb5 52.
Ne4 Kg4 53. Nf2+ Kf4 54. Re6 h5 55. Kg2 Bc4 56. Re4+ Kf5 57. Rxc4 Rd2 58. Rc5
g4 59. d6+ Kf4 60. Rxh5 Rxd6 61. Rh4 Rg6 62. Nxg4 Rxg4+ 1/2-1/2

[Event "XXIII Festival A"]
[Site "Porto San Giorgio ITA"]
[Date "2011.08.27"]
[Round "8"]
[White "Carletti, Davide M."]
[Black "Morello, Guido"]
[Result "0-1"]
[WhiteElo "1726"]
[BlackElo "1942"]
[PlyCount "82"]
[EventDate "2011.08.21"]

1. e4 c5 2. Nf3 Nc6 3. d4 cxd4 4. Nxd4 e5 5. Nb5 d6 6. N1c3 a6 7. Na3 b5 8. Nd5
Nge7 9. Bg5 f6 10. Be3 Nxd5 11. Qxd5 Qd7 12. Be2 Bb7 13. Qd1 Qf7 14. O-O Be7
15. f4 O-O 16. f5 Na5 17. Bh5 g6 18. Qg4 Kg7 19. Rf3 Bxe4 20. Rg3 d5 21. Qh4
Bxf5 22. Bh6+ Kh8 23. Bxf8 Rxf8 24. Rf1 Be4 25. Bf3 f5 26. Qh6 Bxf3 27. Rgxf3
b4 28. Nb1 e4 29. R3f2 Bc5 30. Qf4 Qf6 31. Qc7 Bxf2+ 32. Rxf2 e3 33. Rf1 Nc6
34. Re1 f4 35. c3 f3 36. Rxe3 fxg2 37. Kxg2 Qf2+ 38. Kh3 Qxe3+ 39. Kg4 h5+ 40.
Kh4 Rf4+ 41. Kg5 Rf7+ 0-1

[Event "XXIII Festival A"]
[Site "Porto San Giorgio ITA"]
[Date "2011.08.27"]
[Round "8"]
[White "Cipollaro, Giovanni"]
[Black "Bisi, Samuele"]
[Result "1/2-1/2"]
[WhiteElo "1866"]
[BlackElo "1977"]
[PlyCount "70"]
[EventDate "2011.08.21"]

1. d4 Nf6 2. Nf3 e6 3. Nbd2 c5 4. e3 Nc6 5. c3 d5 6. Bd3 Bd6 7. O-O O-O 8. dxc5
Bxc5 9. e4 e5 10. exd5 Qxd5 11. Bc4 Qd6 12. b4 Bb6 13. Qe2 Re8 14. Ng5 Re7 15.
Nde4 Nxe4 16. Qxe4 Qg6 17. Qxg6 hxg6 18. Be3 Bf5 19. Bxb6 axb6 20. Rad1 Kf8 21.
Rd6 e4 22. Re1 Ne5 23. Bd5 Ra3 24. Rd8+ Re8 25. Rxe8+ Kxe8 26. Nxe4 Nd3 27.
Nd6+ Kd8 28. Nb5 Rxc3 29. Nxc3 Nxe1 30. Bxf7 Nc2 31. a3 Nxa3 32. Bd5 Nc2 33. b5
Kc7 34. f4 Bd3 35. Kf2 Nb4 1/2-1/2

[Event "XXIII Festival A"]
[Site "Porto San Giorgio ITA"]
[Date "2011.08.27"]
[Round "8"]
[White "Cocuzzi, Edoardo"]
[Black "Stella, Luca"]
[Result "1/2-1/2"]
[WhiteElo "1926"]
[BlackElo "2090"]
[PlyCount "58"]
[EventDate "2011.08.21"]

1. e4 g6 2. d4 Bg7 3. Be3 c5 4. c3 Nf6 5. Nd2 cxd4 6. Bxd4 d6 7. Be2 O-O 8. g4
e5 9. Be3 d5 10. h4 Nc6 11. h5 d4 12. Bg5 Be6 13. Qc1 Qd7 14. hxg6 fxg6 15. f3
Rac8 16. Bc4 dxc3 17. bxc3 Bxc4 18. Nxc4 Qd3 19. Nb2 Qb5 20. a4 Qb3 21. Nd1 Nb4
22. Kf1 Nxe4 23. Be7 Nd3 24. Qe3 Ng3+ 25. Kg2 Nxh1 26. Qxd3 Rf7 27. Bh4 e4 28.
Qxe4 Bxc3 29. Rb1 29... Qc4 {...} 1/2-1/2

[Event "XXIII Festival A"]
[Site "Porto San Giorgio ITA"]
[Date "2011.08.27"]
[Round "8"]
[White "De Felice, Michele"]
[Black "Di Misa, Salvatore"]
[Result "0-1"]
[WhiteElo "1870"]
[BlackElo "1957"]
[PlyCount "68"]
[EventDate "2011.08.21"]

1. d4 d5 2. Nf3 Nf6 3. e3 e6 4. Bd3 Nbd7 5. Nbd2 b6 6. O-O Bb7 7. c3 c5 8. Qe2
Ne4 9. Bb5 Bd6 10. dxc5 Nexc5 11. b4 Ne4 12. Nxe4 dxe4 13. Nd4 O-O 14. Bxd7
Qxd7 15. Rd1 Qc7 16. Qg4 f5 17. Qe2 Rf6 18. a3 Bxh2+ 19. Kf1 Be5 20. g3 Rc8 21.
Bb2 Bd5 22. Kg2 Bc4 23. Qd2 Rg6 24. Ne2 Bd5 25. Rg1 f4 26. Kf1 f3 27. Nf4 Bxf4
28. exf4 Bc4+ 29. Ke1 Rd8 30. Qe3 Qb7 31. Rd1 Rxd1+ 32. Kxd1 Qd5+ 33. Kc1 Bd3
34. Rh1 Qa2 0-1

[Event "XXIII Festival A"]
[Site "Porto San Giorgio ITA"]
[Date "2011.08.27"]
[Round "8"]
[White "De Nisi, Giuseppe"]
[Black "Calabrese, Maurizio"]
[Result "1/2-1/2"]
[WhiteElo "1818"]
[BlackElo "1567"]
[PlyCount "69"]
[EventDate "2011.08.21"]

1. d4 d5 2. c4 Nf6 3. Nc3 c6 4. cxd5 Nxd5 5. e4 Nxc3 6. bxc3 e6 7. Bd3 g6 8.
Nf3 Bg7 9. Be3 O-O 10. Qd2 Nd7 11. h4 f5 12. h5 Nf6 13. hxg6 hxg6 14. Bh6 Ng4
15. Bxg7 Kxg7 16. Ng5 Rh8 17. O-O-O Bd7 18. f3 Nf6 19. Bc4 Qe7 20. exf5 Qa3+
21. Kb1 Nd5 22. Bb3 gxf5 23. Rhe1 Rae8 24. Nh3 Qa5 25. Bxd5 Qxd5 26. Qg5+ Kf7
27. Re5 Qd6 28. Qf4 Ke7 29. Qxf5 Kd8 30. Qc2 Kc8 31. Ng5 Re7 32. Qb3 Be8 33.
Rxe6 Rxe6 34. Qxe6+ Qxe6 35. Nxe6 1/2-1/2

[Event "XXIII Festival A"]
[Site "Porto San Giorgio ITA"]
[Date "2011.08.27"]
[Round "8"]
[White "Del Nevo, Claudio"]
[Black "Almadori, Giovanni"]
[Result "1-0"]
[WhiteElo "1831"]
[BlackElo "1660"]
[PlyCount "101"]
[EventDate "2011.08.21"]

1. d4 d6 2. Nf3 g6 3. c3 Bg7 4. h3 Nf6 5. Bg5 O-O 6. Bxf6 Bxf6 7. e3 Nd7 8. Bd3
Re8 9. Qc2 d5 10. h4 e5 11. dxe5 Nxe5 12. Nxe5 Rxe5 13. Nd2 c5 14. h5 Bf5 15.
hxg6 Bxd3 16. gxf7+ Kg7 17. Qxd3 Qh8 18. Nf3 c4 19. Qd2 Rf5 20. Nd4 Re5 21.
O-O-O Kxf7 22. f4 Re4 23. Nf5 Rd8 24. Qe2 Ke6 25. Nd4+ Bxd4 26. Rxd4 Rd7 27.
Rxe4+ dxe4 28. Qxc4+ Kd6 29. Rd1+ Ke7 30. Qxe4+ Kd8 31. Rxd7+ Kxd7 32. Qxb7+
Ke6 33. Qxa7 Qg8 34. Qa6+ Ke7 35. Qb7+ Kf6 36. b3 h5 37. e4 Qg3 38. Qc6+ Ke7
39. Qc7+ Ke8 40. Qe5+ Kd7 41. Kb2 Qxg2+ 42. Ka3 h4 43. Qf5+ Kc7 44. Qh7+ Kb6
45. Qxh4 Qxe4 46. Qf6+ Kb7 47. f5 Qe3 48. Qd4 Qc1+ 49. Kb4 Qf1 50. f6 Kc8 51.
Qc5+ 1-0

[Event "XXIII Festival A"]
[Site "Porto San Giorgio ITA"]
[Date "2011.08.27"]
[Round "8"]
[White "Di Donatantonio, Franco"]
[Black "Stella, Andrea"]
[Result "1/2-1/2"]
[WhiteElo "2143"]
[BlackElo "2412"]
[PlyCount "105"]
[EventDate "2011.08.21"]

1. d3 d5 2. Nd2 Nf6 3. e4 e6 4. Ngf3 Bc5 5. e5 Nfd7 6. c3 Bb6 7. d4 c5 8. Bb5
Nc6 9. Nb3 O-O 10. O-O f6 11. exf6 Qxf6 12. Bg5 Qf7 13. Qe2 c4 14. Nbd2 Bc7 15.
Ba4 a6 16. Bh4 Nf6 17. Rae1 b5 18. Bc2 h6 19. Bg3 Ra7 20. Nh4 Ne7 21. Bxc7 Rxc7
22. Ndf3 Qh5 23. Qe5 Qxe5 24. Nxe5 g5 25. Nhg6 Re8 26. Nxe7+ Rexe7 27. h3 Nd7
28. Ng6 Re8 29. f4 Nf8 30. fxg5 hxg5 31. Re5 Nh7 32. h4 gxh4 33. Rh5 h3 34.
Rxh3 e5 35. Rg3 Rg7 36. dxe5 Nf8 37. Rf6 Nd7 38. Rff3 Nc5 39. Rg5 Nd3 40. Bxd3
cxd3 41. Rxd3 Kh7 42. Rdg3 Kh6 43. Nh8 Ree7 44. Ng6 Ra7 45. Kf2 Be6 46. Ke3 Bf7
47. Kf4 Rxg6 48. Rxg6+ Bxg6 49. e6 Re7 50. Ke5 Bf7 51. Kf6 Rxe6+ 52. Kxf7 Re2
53. Rg6+ 1/2-1/2

[Event "XXIII Festival A"]
[Site "Porto San Giorgio ITA"]
[Date "2011.08.27"]
[Round "8"]
[White "Di Lascio, Savino"]
[Black "Gilevych, Artem"]
[Result "0-1"]
[WhiteElo "1982"]
[BlackElo "2264"]
[PlyCount "88"]
[EventDate "2011.08.21"]

1. e4 e6 2. d3 d5 3. Nd2 Nf6 4. c3 a5 5. Ngf3 Nc6 6. e5 Nd7 7. d4 f6 8. Nb1
fxe5 9. dxe5 Ndxe5 10. Nxe5 Nxe5 11. Qh5+ Nf7 12. h4 Qf6 13. Rh3 e5 14. Bg5 Qg6
15. Qxg6 hxg6 16. Re3 Bc5 17. Re2 Bf5 18. Kd2 Nxg5 19. hxg5 O-O-O 20. f3 e4 21.
a4 e3+ 22. Rxe3 Bxe3+ 23. Kxe3 Rhe8+ 24. Kf2 d4 25. c4 Bxb1 26. Rxb1 Re5 27. f4
Rf8 28. g3 Rxg5 29. Bd3 Rc5 30. b3 g5 31. Kf3 Re5 32. Kg4 gxf4 33. gxf4 Re3 34.
Bf5+ Kb8 35. b4 axb4 36. Rxb4 Rd8 37. c5 d3 38. c6 d2 39. Rxb7+ Ka8 40. Bc2 Rc3
41. Bd1 Rc1 42. Be2 Re1 43. Bf3 Rd3 44. Rxc7 Rg1+ 0-1

[Event "XXIII Festival A"]
[Site "Porto San Giorgio ITA"]
[Date "2011.08.27"]
[Round "8"]
[White "Di Muccio, Lindoro"]
[Black "Maltempi, Angelo"]
[Result "1-0"]
[WhiteElo "1964"]
[BlackElo "1847"]
[PlyCount "56"]
[EventDate "2011.08.21"]

1. d4 d6 2. c4 g6 3. Nf3 Bg7 4. e4 f5 5. exf5 Bxf5 6. Be2 Nf6 7. O-O O-O 8. Nc3
c6 9. h3 Na6 10. a3 Nc7 11. Be3 Kh8 12. Qc1 Ng8 13. Rd1 Qe8 14. Nh4 Bd7 15. Bd3
Qf7 16. Qc2 Be8 17. Ne4 Bf6 18. Nf3 d5 19. Nxf6 exf6 20. Bf4 Rd8 21. c5 Qd7 22.
Bd6 Rf7 23. Re1 Nb5 24. Bxb5 cxb5 25. Re3 Ne7 26. h4 Nc8 27. Rae1 Nxd6 28. cxd6
Rc8 1-0

[Event "XXIII Festival A"]
[Site "Porto San Giorgio ITA"]
[Date "2011.08.27"]
[Round "8"]
[White "Foglia, Maurizio"]
[Black "Consalvo, Gerardo"]
[Result "1-0"]
[WhiteElo "2213"]
[BlackElo "2012"]
[PlyCount "85"]
[EventDate "2011.08.21"]

1. d4 Nf6 2. Nf3 e6 3. g3 d5 4. c4 c6 5. Bg2 Ne4 6. O-O Bd6 7. Nc3 f5 8. Bf4
Bxf4 9. gxf4 O-O 10. Ne5 Qh4 11. e3 Nd7 12. Rc1 Kh8 13. f3 Nxc3 14. Rxc3 Rf6
15. Qe1 Qxe1 16. Rxe1 Rf8 17. cxd5 exd5 18. b4 a6 19. a4 Nb6 20. a5 Nd7 21. Kf2
Nxe5 22. fxe5 Be6 23. f4 Kg8 24. h4 Kf7 25. Bf3 Ke7 26. Rg1 g6 27. h5 Rg8 28.
Rcc1 Rg7 29. hxg6 hxg6 30. Rh1 Kf7 31. Rcg1 Rag8 32. Rh6 Ke7 33. Rgh1 Bf7 34.
Kg3 Kf8 35. Kh4 Be6 36. Kg5 Kf7 37. Rh7 Bd7 38. Rh8 Be8 39. R1h6 Kf8 40. Rxg8+
Kxg8 41. Kf6 Rf7+ 42. Kxg6 Bd7 43. Rh8+ 1-0

[Event "XXIII Festival A"]
[Site "Porto San Giorgio ITA"]
[Date "2011.08.27"]
[Round "8"]
[White "Ghidinelli, Giorgio"]
[Black "Sagripanti, Michele"]
[Result "0-1"]
[WhiteElo "1913"]
[BlackElo "1990"]
[PlyCount "104"]
[EventDate "2011.08.21"]

1. d4 Nf6 2. Nf3 g6 3. c3 Bg7 4. Qc2 d5 5. e3 O-O 6. Bd3 Nc6 7. O-O Re8 8. Nbd2
e5 9. dxe5 Ng4 10. h3 Ngxe5 11. Nxe5 Nxe5 12. Be2 Bf5 13. Qd1 Qe7 14. Nf3 Rad8
15. Nxe5 Qxe5 16. Bf3 c5 17. Qb3 b6 18. Bd2 Bf8 19. Bg4 Bd3 20. Rfe1 h5 21. Be2
Bf5 22. Qa4 Bd6 23. f4 Qe7 24. Bb5 Rf8 25. Bf1 Bb8 26. Qd1 Qf6 27. Qf3 Rfe8 28.
Qg3 d4 29. exd4 cxd4 30. Bb5 Rxe1+ 31. Rxe1 Qd6 32. Re8+ Rxe8 33. Bxe8 Qe6 34.
Bb5 Qxa2 35. Bd3 Qxb2 36. Be1 Bxd3 37. Qxd3 Qc1 38. Kf1 Qxf4+ 39. Ke2 Qe5+ 40.
Kd1 dxc3 41. Bxc3 Qd6 42. Bd4 Qd8 43. Ke2 Qe7+ 44. Kf1 Bd6 45. Qf3 Bc5 46. Bf6
Qe6 47. Qa8+ Bf8 48. Bd8 Qc4+ 49. Kf2 Bc5+ 50. Kg3 Kg7 51. Qf3 Bd6+ 52. Kf2 Qf4
0-1

[Event "XXIII Festival A"]
[Site "Porto San Giorgio ITA"]
[Date "2011.08.27"]
[Round "8"]
[White "Giancotti, Eraldo"]
[Black "Moroni, Luca jr"]
[Result "1-0"]
[WhiteElo "2070"]
[BlackElo "1964"]
[PlyCount "139"]
[EventDate "2011.08.21"]

1. c4 e6 2. Nf3 d5 3. d4 Nf6 4. g3 c5 5. cxd5 cxd4 6. Bg2 Nc6 7. O-O Be7 8. Nc3
O-O 9. Bg5 exd5 10. Nxd4 Qb6 11. Nb3 d4 12. Bxf6 Bxf6 13. Nd5 Qd8 14. Nxf6+
Qxf6 15. Bxc6 bxc6 16. Qxd4 Qxd4 17. Nxd4 c5 18. Nb3 c4 19. Nd4 Rd8 20. e3 g6
21. Rfc1 Ba6 22. Rc3 Rd5 23. Rac1 Ra5 24. a3 Rc8 25. f3 Kf8 26. h4 Ke7 27. e4
Kf6 28. Kf2 Rc7 29. Ke3 Ke7 30. b4 Ra4 31. g4 Rc8 32. Rd1 Kf6 33. Nc2 Ke7 34.
Rd5 Bb7 35. Rd4 Ba6 36. g5 Bb5 37. Rd5 a6 38. Nd4 Ra8 39. f4 Ra7 40. f5 Ra8 41.
Kf4 Ra7 42. Ke5 Ra8 43. Rc5 Re8 44. Nxb5 axb5 45. Rxb5 Rea8 46. Rb7+ Kf8 47.
Kf6 R4a6+ 48. Ke5 Rxa3 49. Rxc4 Rf3 50. Rcc7 Re8+ 51. Kd6 Rd3+ 52. Kc6 Rc3+ 53.
Kb6 Rxc7 54. Rxc7 Rxe4 55. b5 gxf5 56. Rc5 Rxh4 57. Kc7 Kg7 58. b6 Rb4 59. Rxf5
Kg6 60. Rc5 h6 61. gxh6 Kxh6 62. b7 f6 63. Rc6 Rxb7+ 64. Kxb7 Kg5 65. Rc7 f5
66. Kc6 Kf4 67. Kd5 Ke3 68. Re7+ Kf3 69. Ke5 f4 70. Rf7 1-0

[Event "XXIII Festival A"]
[Site "Porto San Giorgio ITA"]
[Date "2011.08.27"]
[Round "8"]
[White "Guglielmi, Dante"]
[Black "Cafaro, Luca"]
[Result "0-1"]
[WhiteElo "1878"]
[BlackElo "1774"]
[PlyCount "124"]
[EventDate "2011.08.21"]

1. c4 f5 2. Nc3 Nf6 3. g3 d6 4. Bg2 g6 5. e3 Bg7 6. Nge2 O-O 7. O-O e5 8. Rb1
a5 9. a3 c6 10. b4 axb4 11. axb4 Be6 12. d3 Qc7 13. b5 Nbd7 14. Bb2 d5 15. bxc6
bxc6 16. cxd5 cxd5 17. Nb5 Qc5 18. Nbc3 Qe7 19. e4 fxe4 20. dxe4 d4 21. Nd5
Bxd5 22. exd5 Qd6 23. f4 Nxd5 24. Qb3 N7b6 25. fxe5 Bxe5 26. Nxd4 Qc5 27. Rfd1
Rad8 28. Rbc1 Qb4 29. Qa2 Qa4 30. Qxa4 Nxa4 31. Ba3 Ne3 32. Bxf8 Nxd1 33. Nc6
Rxf8 34. Rxd1 Bg7 35. Nd8 Nc3 36. Rd3 Bd4+ 37. Rxd4 Ne2+ 38. Kh1 Nxd4 39. Bd5+
Kg7 40. Nb7 Nf5 41. Nc5 Rc8 42. Nd3 Rc3 43. Nf4 g5 44. Nh3 Rc1+ 45. Ng1 Ne3 46.
Be4 Ra1 47. h3 h5 48. Kh2 Ra2+ 49. Kh1 Nf1 50. Bg2 Nxg3+ 51. Kh2 Ne2 52. Bd5
Rd2 53. Nxe2 Rxe2+ 54. Kg3 Re3+ 55. Kg2 Kf6 56. Bf3 h4 57. Kf2 Ra3 58. Bg4 Ke5
59. Bd7 Kf4 60. Be6 Rc3 61. Bg4 Rc2+ 62. Be2 Rxe2+ 0-1

[Event "XXIII Festival A"]
[Site "Porto San Giorgio ITA"]
[Date "2011.08.27"]
[Round "8"]
[White "Iaconi, Andrea"]
[Black "Renzetti, Leonardo"]
[Result "1-0"]
[WhiteElo "1832"]
[BlackElo "1805"]
[PlyCount "167"]
[EventDate "2011.08.21"]

1. e4 e6 2. d4 d5 3. Nd2 Nf6 4. Bd3 c5 5. Ngf3 Qb6 6. dxc5 Bxc5 7. O-O Nc6 8.
exd5 Nxd5 9. Ne4 Bd7 10. Nxc5 Qxc5 11. a3 h6 12. Re1 O-O 13. c4 Nf6 14. b4 Qe7
15. Bb2 Rad8 16. Qe2 Nb8 17. Ne5 Bc6 18. Nxc6 Nxc6 19. Rad1 Rd7 20. Bc2 Rfd8
21. Rxd7 Rxd7 22. Rd1 Rxd1+ 23. Qxd1 Ne8 24. Qd3 f5 25. c5 Kf7 26. Bb3 Nf6 27.
Qxf5 g6 28. Qf4 Kg7 29. h4 e5 30. Qc4 Nd8 31. b5 Qc7 32. a4 a6 33. f3 axb5 34.
axb5 g5 35. hxg5 hxg5 36. Qc3 Nd7 37. Ba3 Nf6 38. Bb4 Nf7 39. Qe3 g4 40. Bc3
gxf3 41. gxf3 Nd7 42. Bb4 Nf8 43. Kf1 Ng6 44. Bd5 Qd7 45. Bc4 Nf4 46. Kf2 Qf5
47. Qe4 Qd7 48. Bc3 Nh3+ 49. Ke3 Nhg5 50. Bxe5+ Kf8 51. Qf4 Qe7 52. Bxf7 Qxc5+
53. Qd4 Qa3+ 54. Qc3 Qxc3+ 55. Bxc3 Kxf7 56. f4 Ne6 57. Be5 Nf8 58. Kd4 Ke6 59.
Kc5 Nd7+ 60. Kd4 Nb6 61. Ke4 Nd7 62. f5+ Ke7 63. Kd5 Nb6+ 64. Ke4 Nd7 65. Kf4
Kf7 66. Bd4 Ke7 67. Kg5 Kf7 68. f6 Nf8 69. Kf5 Nd7 70. Be5 Nc5 71. Bd6 Nd7 72.
Be7 b6 73. Bd8 Ke8 74. Be7 Kf7 75. Ke4 Nxf6+ 76. Bxf6 Kxf6 77. Kd5 Ke7 78. Kc6
Kd8 79. Kxb6 Kc8 80. Ka7 Kd7 81. Kb6 Kc8 82. Kc6 Kb8 83. Kb6 Ka8 84. Kc7 1-0

[Event "XXIII Festival A"]
[Site "Porto San Giorgio ITA"]
[Date "2011.08.27"]
[Round "8"]
[White "Liguori, Renato"]
[Black "Papa, Angelo"]
[Result "1-0"]
[WhiteElo "2100"]
[BlackElo "1848"]
[PlyCount "84"]
[EventDate "2011.08.21"]

1. d4 g6 2. c4 Bg7 3. Nc3 d6 4. Nf3 Nf6 5. e4 O-O 6. Be2 e5 7. d5 a5 8. O-O Na6
9. Rb1 Nc5 10. Nd2 Bd7 11. b3 Bh6 12. Bf3 Nd3 13. a3 Ne8 14. Qc2 Nxc1 15. Rfxc1
b6 16. b4 f5 17. Rd1 f4 18. c5 g5 19. Be2 g4 20. g3 Qf6 21. Rf1 Qg5 22. Nc4 Qh5
23. Rfd1 axb4 24. axb4 bxc5 25. bxc5 Rf6 26. Rb7 Bf8 27. cxd6 Rh6 28. h4 fxg3
29. fxg3 Bxd6 30. Nxd6 Rxd6 31. Rdb1 Qh6 32. Qc1 Qxc1+ 33. Rxc1 Ra3 34. Kg2 h5
35. Rc2 Ra1 36. Nb1 Kf7 37. Nd2 Ba4 38. Rcb2 Bd1 39. Nc4 Rf6 40. Nxe5+ Ke7 41.
Nc6+ Kd7 42. Rb8 Kd6 1-0

[Event "XXIII Festival A"]
[Site "Porto San Giorgio ITA"]
[Date "2011.08.27"]
[Round "8"]
[White "Luzi, Alessandro"]
[Black "Cornaggia, Ranieri"]
[Result "0-1"]
[WhiteElo "1920"]
[BlackElo "2079"]
[PlyCount "44"]
[EventDate "2011.08.21"]

1. e4 e5 2. Nf3 Nc6 3. d4 exd4 4. c3 dxc3 5. Bc4 cxb2 6. Bxb2 Bb4+ 7. Nc3 Nf6
8. O-O d6 9. Qb3 O-O 10. e5 dxe5 11. Rad1 Qe7 12. a3 Bd6 13. Bd3 Nd4 14. Nxd4
exd4 15. Rfe1 Be6 16. Qc2 dxc3 17. Qxc3 Nh5 18. Qc2 h6 19. Qc3 Qf6 20. Qc2 Qg5
21. Be2 Nf4 22. Bf3 Bg4 0-1

[Event "XXIII Festival A"]
[Site "Porto San Giorgio ITA"]
[Date "2011.08.27"]
[Round "8"]
[White "Maddaloni, Giovanni"]
[Black "Di Martino, Antonio"]
[Result "0-1"]
[WhiteElo "1801"]
[BlackElo "1841"]
[PlyCount "40"]
[EventDate "2011.08.21"]

1. e4 e6 2. d4 d5 3. e5 c5 4. c3 Nc6 5. Nf3 Bd7 6. Be2 Rc8 7. O-O Nge7 8. h4
Nf5 9. Bg5 Be7 10. Na3 a6 11. c4 Ncxd4 12. cxd5 Nxe2+ 13. Qxe2 exd5 14. Rfd1
Be6 15. Nc4 O-O 16. a4 h6 17. Bxe7 Qxe7 18. Nb6 Rcd8 19. Ra3 Rfe8 20. h5 c4 0-1

[Event "XXIII Festival A"]
[Site "Porto San Giorgio ITA"]
[Date "2011.08.27"]
[Round "8"]
[White "Maksimovic, Miodrag"]
[Black "Carnicelli, Valerio"]
[Result "0-1"]
[WhiteElo "2068"]
[BlackElo "1898"]
[PlyCount "40"]
[EventDate "2011.08.21"]

1. e4 e5 2. Nc3 Nc6 3. f4 Bc5 4. fxe5 d6 5. exd6 Qxd6 6. Nf3 Bg4 7. Bb5 O-O-O
8. Bxc6 Qxc6 9. d3 Re8 10. h3 Bh5 11. g4 Bg6 12. Qe2 Nf6 13. Kf1 Bxe4 14. Nxe4
Nxe4 15. dxe4 Rxe4 16. Qd1 Rd8 17. Bd2 Qb5+ 18. Kg2 Re2+ 19. Kg3 Bf2+ 20. Kg2
Bh4+ 0-1

[Event "XXIII Festival A"]
[Site "Porto San Giorgio ITA"]
[Date "2011.08.27"]
[Round "8"]
[White "Malloni, Marcello"]
[Black "Fierro Baquero, Martha Lorena"]
[Result "1-0"]
[WhiteElo "2293"]
[BlackElo "2381"]
[PlyCount "121"]
[EventDate "2011.08.21"]

1. d4 g6 2. e4 Bg7 3. Nf3 c5 4. dxc5 Qa5+ 5. c3 Qxc5 6. Na3 Nf6 7. e5 Ng4 8.
Qd4 Qxd4 9. cxd4 O-O 10. h3 Nh6 11. Be2 Nc6 12. O-O d6 13. Rd1 dxe5 14. dxe5
Be6 15. Bf4 Rad8 16. Nb5 Rxd1+ 17. Rxd1 Bxa2 18. Nxa7 Nxa7 19. Ra1 Bd5 20. Rxa7
Nf5 21. g4 Bxf3 22. Bxf3 Nd4 23. Kg2 Nxf3 24. Kxf3 f6 25. e6 f5 26. Rxb7 fxg4+
27. Kxg4 h5+ 28. Kg3 Bf6 29. b4 Kg7 30. b5 Bh4+ 31. Kxh4 Rxf4+ 32. Kg3 Rb4 33.
Rxe7+ Kf6 34. Rb7 Kxe6 35. b6 Kd5 36. Rb8 Kc6 37. Rg8 h4+ 38. Kg2 g5 39. Rxg5
Kxb6 40. Rg4 Rb1 41. Rxh4 Kc6 42. Rd4 Rb8 43. f4 Rg8+ 44. Kf3 Rh8 45. Kg4 Rg8+
46. Kf5 Rh8 47. Rd3 Rf8+ 48. Kg4 Rg8+ 49. Kf3 Rh8 50. Rd1 Rxh3+ 51. Ke4 Rh8 52.
f5 Re8+ 53. Kf4 Re2 54. f6 Kc7 55. Kf5 Rf2+ 56. Ke6 Re2+ 57. Kf7 Rf2 58. Ke7
Re2+ 59. Kf8 Rf2 60. f7 Rf4 61. Rg1 1-0

[Event "XXIII Festival A"]
[Site "Porto San Giorgio ITA"]
[Date "2011.08.27"]
[Round "8"]
[White "Mandolini, Riccardo"]
[Black "Albertini, Luca"]
[Result "0-1"]
[WhiteElo "2119"]
[BlackElo "1986"]
[PlyCount "72"]
[EventDate "2011.08.21"]

1. Nc3 Nf6 2. e4 e5 3. Nf3 Nc6 4. Bc4 Bc5 5. d3 h6 6. Be3 Bb6 7. Nd5 d6 8. Nxb6
axb6 9. a3 Be6 10. Nd2 O-O 11. O-O Qd7 12. Bxe6 Qxe6 13. f4 Ng4 14. Bxb6 Nxh2
15. Kxh2 cxb6 16. f5 Qf6 17. Nc4 Ra6 18. Qh5 b5 19. Ne3 Qg5 20. Qxg5 hxg5 21.
c3 f6 22. Nd5 Rc8 23. Kg3 Kf7 24. Rh1 Ne7 25. Nb4 Raa8 26. Rh7 d5 27. Kf3 d4
28. cxd4 exd4 29. Rhh1 Nc6 30. Rhc1 Na5 31. Rxc8 Rxc8 32. Re1 Nc6 33. Ra1 g6
34. fxg6+ Kxg6 35. Ke2 Nxb4 36. axb4 Rc2+ 0-1